000 00391nam a22001217a 4500
999 _c919
_d919
005 20200819162852.0
008 200819b ||||| |||| 00| 0 eng d
020 _a0582642183
040 _cCML
245 _aStudy SKills for Colleges and Universities in Africa.
_cMontgomercy, M.
260 _aHong Kong
_bLongman Group (FE) Ltd
_c1982
942 _2ddc
_cBK
_e1st Edition
_h371
_mMON